Mýto áno, mýtnici nie
Z dôvodu integrácie do EÚ sa Slovensko nevyhne zavedeniu elektronického systému spoplatňovania dialníc. Výber mýta v krajinách Európskej únie. Výstavba dialničnej siete na Slovensku. Porovnanie dialničnej siete v niektorých európskych krajinách. Poplatky pre nákladné vozidlá v SRN.
Salvato in:
| Autore principale: | |
|---|---|
| Natura: | Capitolo di libro |
| Lingua: | slovacco |
| Soggetti: | |
| Tags: |
Nessun Tag, puoi essere il primo ad aggiungerne!!
|
MARC
| LEADER | 00000naa a2200000 4500 | ||
|---|---|---|---|
| 001 | r045071 | ||
| 005 | 20230920074847.0 | ||
| 041 | 0 | |a slo | |
| 044 | |a SK | ||
| 245 | 1 | 0 | |a Mýto áno, mýtnici nie |c Tomáš Andrejčák |
| 520 | |a Z dôvodu integrácie do EÚ sa Slovensko nevyhne zavedeniu elektronického systému spoplatňovania dialníc. Výber mýta v krajinách Európskej únie. Výstavba dialničnej siete na Slovensku. Porovnanie dialničnej siete v niektorých európskych krajinách. Poplatky pre nákladné vozidlá v SRN. | ||
| 610 | 2 | 0 | |a siete cestné |
| 610 | 2 | 0 | |a poplatky |
| 610 | 2 | 0 | |a Európska únia |
| 610 | 2 | 0 | |a integrácia |
| 610 | 2 | 0 | |a Slovensko |
| 610 | 2 | 0 | |a aproximácia práva |
| 100 | 1 | |a Andrejčák, Tomáš | |